BROCK BIOLOGY OF MICROORGANISMS (Record no. 32418)

MARC details
000 -LEADER
fixed length control field 00330nam a22001457a 4500
003 - CONTROL NUMBER IDENTIFIER
control field SGT
020 ## - INTERNATIONAL STANDARD BOOK NUMBER
International Standard Book Number 978-93-325-8686-4
082 ## - DEWEY DECIMAL CLASSIFICATION NUMBER
Classification number 579
Item number MAD
100 ## - MAIN ENTRY--PERSONAL NAME
Personal name MADIGAN, MICHAEL T.
245 ## - TITLE STATEMENT
Title BROCK BIOLOGY OF MICROORGANISMS
260 ## - PUBLICATION, DISTRIBUTION, ETC. (IMPRINT)
Place of publication, distribution, etc INDIA
Name of publisher, distributor, etc PEARSON PUB.
Year of Publication 2017
300 ## - PAGE DESCRIPTION
No. of Pages 1207
650 ## - SUBJECT ADDED ENTRY--TOPICAL TERM
Topical term or geographic name as entry element BIOLOGY
942 ## - ADDED ENTRY ELEMENTS (KOHA)
Source of classification or shelving scheme Dewey Decimal Classification
Koha item type Books
Holdings
Withdrawn status Lost status Source of classification or shelving scheme Damaged status Not for loan Collection code Home library Current library Shelving location Date acquired SGTU Full call number Accession No. (Barcode) Date last seen Bill Date Koha item type
    Dewey Decimal Classification   Not For Loan SCIENCE SGT Science & Social Sciences Library SGT Science & Social Sciences Library Reference Book 25/08/2025 SGTU 579 MAD DP107 25/08/2025 25/08/2025 Books